Interpretácia etiky v rámci vzdelávania tlmočníkov

Téma tlmočníckej etiky v zmysle profesionálneho tlmočenia a súvisiace požiadavky a očakávania tlmočníckej prípravy. Spôsoby, ako sa etické kritériá používajú alebo by sa mali používať v rôznych typoch tlmočenia. Návrhy, ako by sa mali interpretovať etické zásady, aby sa mohli primerane uplatňovať vo...

Descripción completa

Guardado en:
Detalles Bibliográficos
Autor principal: Štefčík, Jozef, 1976-
Formato: Capítulo de libro
Lenguaje:eslovaco
Materias:
Etiquetas: Agregar Etiqueta
Sin Etiquetas, Sea el primero en etiquetar este registro!

MARC

LEADER 00000naa a2200000 4500
001 0267613
005 20240502074211.5
041 0 |a slo 
044 |a SK 
245 1 0 |a Interpretácia etiky v rámci vzdelávania tlmočníkov  |c Jozef Štefčík 
520 |a Téma tlmočníckej etiky v zmysle profesionálneho tlmočenia a súvisiace požiadavky a očakávania tlmočníckej prípravy. Spôsoby, ako sa etické kritériá používajú alebo by sa mali používať v rôznych typoch tlmočenia. Návrhy, ako by sa mali interpretovať etické zásady, aby sa mohli primerane uplatňovať vo vzdelávaní tlmočníkov. 
610 2 0 |a etika 
610 2 0 |a tlmočníctvo 
610 2 0 |a tlmočníci 
610 2 0 |a vzdelávanie 
100 1 |a Štefčík, Jozef, 1976-